Multiform: (Record no. 608594)

000 -LEADER
fixed length control field 00544nam a22001937a 4500
003 - CONTROL NUMBER IDENTIFIER
control field NUST
005 - DATE AND TIME OF LATEST TRANSACTION
control field 20240307102043.0
008 - FIXED-LENGTH DATA ELEMENTS--GENERAL INFORMATION
fixed length control field 240307b ||||| |||| 00| 0 eng d
020 ## - INTERNATIONAL STANDARD BOOK NUMBER
International Standard Book Number 9781119717669
082 ## - DEWEY DECIMAL CLASSIFICATION NUMBER
Classification number 724.7
Author Mark MUL
245 00 - TITLE STATEMENT
Title Multiform:
Remainder of title Architecture in an Age of Transition/
260 ## - PUBLICATION, DISTRIBUTION, ETC.
Place of publication, distribution, etc. Bedford:
Name of publisher, distributor, etc. Wiley;
Date of publication, distribution, etc. 2021.
300 ## - PHYSICAL DESCRIPTION
Extent 136p.:
Other physical details ill;
440 1# - SERIES STATEMENT/ADDED ENTRY--TITLE
Title Architectural design
Volume/sequential designation v. 91, no. 01
9 (RLIN) 33235
650 #0 - SUBJECT ADDED ENTRY--TOPICAL TERM
Source of heading or term Architectural design
700 1# - ADDED ENTRY--PERSONAL NAME
Personal name Hopkins,Owen
9 (RLIN) 121953
700 1# - ADDED ENTRY--PERSONAL NAME
Personal name Mckeller,Erin
9 (RLIN) 121954
942 ## - ADDED ENTRY ELEMENTS (KOHA)
Source of classification or shelving scheme
Koha item type Book
Holdings
Withdrawn status Lost status Source of classification or shelving scheme Damaged status Not for loan Permanent Location Current Location Date acquired Source of acquisition Total Checkouts Full call number Barcode Date last seen Cost, replacement price Price effective from Koha item type
          School of Art Design and Architecture (SADA) School of Art Design and Architecture (SADA) 06/13/2022 Golden Books   724.7 MUL 2021 SADA0002944 03/07/2024 5108.00 03/07/2024 Book
© 2023 Central Library, National University of Sciences and Technology. All Rights Reserved.